00345nam a2200133Ia 4500008004100000020001800041041000800059082001800067100004000085245002500125250000600150260004100156300001400197210716s2017 xx 000 0 und d a9788126559879 aeng a005.3002 ALEM aAlexander, Michael; Kusleika, Dick. aExcel 2016 formulas. a1 aNew DelhibWiley India Pvt Ltdc2017 axxxii,782